Συγκριτική έρευνα βιολογικών και συμβατικών καλλιεργητών κηπευτικών στο Νομό Χανίων
Αποθηκεύτηκε σε:
| Κύριος συγγραφέας: | |
|---|---|
| Συγγραφή απο Οργανισμό/Αρχή: | |
| Άλλοι συγγραφείς: | |
| Μορφή: | Thesis Βιβλίο |
| Γλώσσα: | Greek |
| Δημοσίευση: |
2008.
|
| Θέματα: | |
| Διαθέσιμο Online: | http://hdl.handle.net/11610/15378 |
| Ετικέτες: |
Προσθήκη ετικέτας
Δεν υπάρχουν, Καταχωρήστε ετικέτα πρώτοι!
|
MARC
| LEADER | 00000cam a2200000 i 4500 | ||
|---|---|---|---|
| 001 | 1/104609 | ||
| 008 | 090504s2008 gr | ||| |||| ||gre|| | ||
| 035 | |l 10104482 | ||
| 040 | |a GR-MyUa |b gre |e AACR2 | ||
| 041 | 0 | |a gre | |
| 082 | 7 | |a 338.1 |2 (22) | |
| 100 | 1 | |a Πρωτοπαπαδάκη, Σοφία. | |
| 245 | 1 | 0 | |a Συγκριτική έρευνα βιολογικών και συμβατικών καλλιεργητών κηπευτικών στο Νομό Χανίων / |c Σοφία Α. Πρωτοπαπαδάκη ; επιβλέπουσα καθηγήτρια: Α. Λούμου. |
| 260 | |c 2008. | ||
| 300 | |a 95 σ. : |b πιν. ; |c 30 εκ. | ||
| 500 | |a Βιβλιογραφία: σ. 59-62. | ||
| 502 | |a Διατριβή (μεταπτυχιακή) – Πανεπιστήμιο Αιγαίου, Λέσβος, 2008. | ||
| 650 | 0 | |a Organic farming |z Greece |z Chania (Nome) | |
| 650 | 0 | |a Agriculture |z Greece |z Chania (Nome) | |
| 650 | 0 | |a Sustainable agriculture |z Greece |z Chania (Nome) | |
| 650 | 0 | |a Farmers |x Attitudes. | |
| 650 | 0 | |a Agricultural surveys. | |
| 650 | 0 | |a Dissertations, Academic |z Greece. | |
| 700 | 1 | |a Λούμου, Αγγέλα, |e dgsf | |
| 710 | 2 | |a Πανεπιστήμιο Αιγαίου |b Σχολή Περιβάλλοντος |b Τμήμα Περιβάλλοντος |b Πρόγραμμα Μεταπτυχιακών Σπουδών Γεωργία και Περιβάλλον. | |
| 852 | |a INST |b LESVOS |c DIATR |e 20090504 |h 225 |p 005100039957 |q 005100039957 |t MTXE |y 23 | ||
| 852 | |a INST |b LESVOS |c DIATR |e 20090504 |h 226 |p 005100039958 |q 005100039958 |t MTXE |y 23 | ||
| 856 | |u http://hdl.handle.net/11610/15378 | ||
| 901 | |a BIBL1-2009-2 | ||
| 924 | |a ΠΡΩΤΟΠΑΠΑΔΑΚΗ |b ΣΟΦΙΑ |y Λέσβος |z 2008-11 | ||
| 970 | |a ΤΖΑΦΕΡΗ |b ΕΥΑΓΓΕΛΙΑ |z 2009/05/04 | ||